00500nam a2200193 a 4500001001300000003000900013005001700022008004100039020001000080082001600090100001900106245003700125260004800162300000900210500003500219505001000254650002300264700001900287nice12345678IN_TiNIC20260116011832.0050524s1905 laha grp 000 0 urd  ac10000a232.96bSTA aStalker, James aYesu Masih Ki Giraftari Aur Maut aLahorebPunjab Religious Booksociety c1905 a308p aincludes index and biblioraphy2 aIndex aJesus Christ-Death1 aStalker, James